Scenarii vlasti : (Titelsatznr. 45146)
[ MARC ]
| 000 -Satzkennung | |
|---|---|
| Kontrollfeld mit fester Länge | 00507nac a22001811ca4500 |
| 001 - Kontrollnummer | |
| Kontrollfeld | a75409 |
| 008 - Feld mit fester Länge zur physischen Beschreibung - Allgemeine Angaben | |
| Kontrollfeld mit fester Länge | 170707s2004 gw |||| 000u rus d |
| 041 ## - Sprachcode | |
| Sprachcode des Textes/der Tonspur oder des separaten Titels | rus |
| 040 ## - Katalogisierungsquelle | |
| Übertragungsstelle | RU-10907106 |
| 003 - Kontrollnummer Identifier | |
| Kontrollfeld | RU-10907106 |
| 100 1# - Haupteintragung - Personenname | |
| Personenname | Wortman, Richard S. |
| 240 10 - Einheitstitel | |
| Einheitstitel | Scenarios of Power : Myth and ceremony in Russian monarchy |
| 245 00 - Titel | |
| Titel | Scenarii vlasti : |
| Zusatz zum Titel | Mify i ceremonii russkoj monarchii / |
| Verfasserangabe etc. | Ričard S. Uortman |
| 264 ## - Produktion, Veröffentlichung, Distribution, Herstellung und Urheberrechtsvermerk | |
| Herstellungs-, Veröffentlichungs- Vertriebs-, Erzeugungsort | Moskva : |
| Produzent, Herausgeber, Distributor, Hersteller | OGI, |
| Datum der Herstellung, der Veröffentlichung, des Vertriebs oder des Urheberschutzvermerks | 2004 |
| 300 ## - Physische Beschreibung | |
| Umfang | 2 Bände |
| 942 ## - Zusätzliche Felder (Koha) | |
| Koha-Medientyp | Monographien |
| Ausgeschieden | Verloren | Klassifikation oder Aufstellungssystematik | Beschädigt | Nicht entleihbar | Heimatbibliothek | Aufenthaltsbibliothek | Aufstellungsort | Erwerbungsdatum | Inventarnummer | Signatur | Barcode | Letzte Aktivität | Preis gültig von | Koha-Medientyp |
|---|---|---|---|---|---|---|---|---|---|---|---|---|---|---|
| Andere/Generische Klassifikation | MWN Osteuropa | MWN Osteuropa | Magazin - 2 | 07/07/2017 | 06-04156 | R 50 x Wor 1 (Bd.) | 45156 | 23/02/2021 | 22/03/2021 | Monographien |